000 00572nam a2200217 i 4500
001 85662
003 ES-MaACL
005 20260305063019.0
007 t|
008 041130s1962 sp ||||1| spa d
100 1 _aJunco, Alfonso,
_d1896-1974
_967276
245 1 0 _aEgregios /
_cAlfonso Junco.
250 _a[2ª ed.].
260 _aBarcelona :
_bJuan Flors,
_c1962.
300 _a185 p. ;
_c19 cm.
490 1 _aRemanso
650 4 _aBiografías.
_910574
830 0 _aRemanso
_9181827
852 _aES-MaACL
_jC-20942
_bR.49514
999 _c85662
_d85662